000
00338 a2200157 4500
001
168945
020
_a
040
_c
Magnum
100
_a
Jaguaribe, Helio
240
1
0
_a
Alternativas do brasil
_l
por
245
1
0
_a
Alternativas do brasil
362
0
_a
1899
440
1
_a
José Olympio
697
_a
ORGANIZACAO SOCIAL
942
_c
BK
999
_c
168945
_d
168945